01199cam a22003614i 4500003000900000005001700009008004100026035001800067040003300085082001900118100002700137245003000164264004900194300002800243336002100271337002500292338002300317490004200340504003100382505029000413526001000703526001000713526001000723526001000733526000800743526000800751526000800759526000800767526000800775526000800783526000800791650003800799PE-LiUPU20250731173444.0150616s r 000 0 d a(Sirsi) a5824 aPE-LiUPUbspacPE-LiUPUerda04a200.7bH542211 aHillaire, PA.,eautor.13aLa Religión Demostrada. 1aBuenos Aires :bEditorial Difusión,c1949. a598 páginas ;c19 cm. atext2rdacontent aunmediated2rdamedia avolume2rdacarrier0 aColección de Textos Religiosos ;v2 aBibliografía hoja final.0 aDios Existe.-El hombre necesita de una religión, solo una religión es buena.- La religión cristiana es la única religión divina.- La iglesia católica es la única depositaria de la religión cristiana.- Por qué somos católicos?.- Compendio de la doctrina crisitiana. aSEG42 aSEG41 aSEG40 aSEG39 aP94 aP87 aP86 aP85 aP77 aP76 aP3504aRELIGION - ESTUDIO Y ENSEÑANZA.